| 000 | 00519nam a2200193Ia 4500 | ||
|---|---|---|---|
| 003 | BUBTL | ||
| 008 | 151213s9999 xx 000 0 und d | ||
| 020 | _a984-871112-5 | ||
| 082 | _a349.5492AHL | ||
| 100 | _aAhamuduzzaman | ||
| 245 |
_aLegal History & Legal System Of Bangladesh / _cAhamuduzzaman |
||
| 250 | _a2nd ed. | ||
| 260 |
_aDhaka : _bSham's Publications, _cc2008. |
||
| 300 |
_a38, 522 p. : _c22 cm. |
||
| 650 | _aLaw | ||
| 856 |
_k0 _l0 _yDownload |
||
| 942 |
_2ddc _cBK |
||
| 999 |
_c2525 _d2525 |
||